Catálogo
 En Linea

Trujillo y los secretos de su hija Rayana / (Registro nro. 36892)

Detalles MARC
000 -CABECERA
campo de control de longitud fija 00512nam a2200157 a 4500
001 - NÚMERO DE CONTROL
campo de control 000037402
005 - FECHA Y HORA DE LA ÚLTIMA TRANSACCIÓN
campo de control 20200930080338.0
008 - DATOS DE LONGITUD FIJA--INFORMACIÓN GENERAL
campo de control de longitud fija 120402s2011 dr 000 0 spa d
040 ## - FUENTE DE LA CATALOGACIÓN
Centro catalogador/agencia de origen DO-SdBNP
Lengua de catalogación spa
Centro/agencia transcriptor BNPHU
082 ## - NÚMERO DE LA CLASIFICACIÓN DECIMAL DEWEY
Número de clasificación xxx
Número de documento/Ítem M779t
100 1# - ENTRADA PRINCIPAL--NOMBRE DE PERSONA
Nombre de persona Montes de Oca, Favio Ramón
9 (RLIN) 63849
245 10 - MENCIÓN DE TÍTULO
Título Trujillo y los secretos de su hija Rayana /
Mención de responsabilidad, etc. Favio Ramón Montes de Oca.
260 ## - PUBLICACIÓN, DISTRIBUCIÓN, ETC.
Lugar de publicación, distribución, etc. Santo Domingo :
Nombre del editor, distribuidor, etc. Santuario,
Fecha de publicación, distribución, etc. 2011.
300 ## - DESCRIPCIÓN FÍSICA
Extensión 121 p ;
Dimensiones 24 cm.
500 ## - NOTA GENERAL
Nota general Incluye datos biográficos del autor en la solapa
Existencias
Estado de retiro Estado de pérdida Restricciones de uso No para préstamo Código de colección Localización permanente Ubicación/localización actual Ubicación en estantería Fecha de adquisición Número de inventario Total de préstamos Signatura topográfica completa Código de barras Fecha visto por última vez Número de copia Precio válido a partir de Tipo de ítem Koha
        Dominicana de Servicio General General En catalogación 02.04.2012 LF1   xxx M779t 37402-30 25.06.2020 e. 3 25.06.2020 Libro y Folleto Colección Dominicana de Servicio
        Patrimonio Dominicano General General Orden iniciada 02.04.2012 LF1   xxx M779t 37403-30 25.06.2020   25.06.2020 Libro y Folleto Colección Patrimonio Dominicano
      Excluido de préstamo Patrimonio Dominicano Patrimonio Dominicano Patrimonio Dominicano En catalogación 02.04.2012 LF1   xxx M779t 37402-10 25.06.2020   25.06.2020 Libro y Folleto Colección Patrimonio Dominicano
      Excluido de préstamo Patrimonio Dominicano Patrimonio Dominicano Patrimonio Dominicano En catalogación 02.04.2012 LF1   xxx M779t 37402-20 25.06.2020 e. 2 25.06.2020 Libro y Folleto Colección Patrimonio Dominicano
        Patrimonio Dominicano Patrimonio Dominicano Patrimonio Dominicano Orden iniciada 02.04.2012 LF1   xxx M779t 37403-10 25.06.2020   25.06.2020 Libro y Folleto Colección Patrimonio Dominicano
        Patrimonio Dominicano Patrimonio Dominicano Patrimonio Dominicano Orden iniciada 02.04.2012 LF1   xxx M779t 37403-20 25.06.2020   25.06.2020 Libro y Folleto Colección Patrimonio Dominicano

Con tecnología Koha